000 005410000a22001810004500
003 MACL
005 20160219125813.0
008 160219b xxu||||| |||| 00| 0 eng d
040 _aMACL
_cMACL
041 _aHindi
082 _a403
100 _aवर्मा रामचंद्र
_937998
245 _aहिंदी-शब्‍द-सागर
260 _bकाशी नागरीप्रचारिणो सभा
_c2008
_aबनारस
350 _a15
650 _aDictionary
_939042
942 _cHIN
_k403
_2ddc
999 _c24615
_d24615